[Event "World Rapid Women 2025"]
[Site "Doha QAT"]
[Date "2025.12.26"]
[Round "4.62"]
[White "Luong Phuong Hanh"]
[Black "Kairbekova, Amina"]
[Result "0-1"]
[WhiteTitle "WIM"]
[BlackTitle "WGM"]
[WhiteElo "2236"]
[BlackElo "2353"]
[WhiteFideId "12401013"]
[BlackFideId "13712799"]
[EventDate "2025.12.26"]

1. d4 Nf6 2. Nf3 g6 3. g3 Bg7 4. Bg2 O-O 5. O-O d6 6. a4 Nc6 7. a5 a6 8. d5 Nb4
9. c3 Nbxd5 10. e4 Nxe4 11. Qxd5 Nf6 12. Qd1 Bd7 13. Re1 e5 14. Bg5 h6 15. Bxf6
Bxf6 16. Nbd2 Bg7 17. Qb3 Rb8 18. Rad1 Be6 19. Qa4 f5 20. Qc2 Qf6 21. Nf1 g5 22.
Ne3 Qf7 23. c4 Rbd8 24. Nd5 c6 25. Nb6 g4 26. Nd2 h5 27. b4 h4 28. b5 axb5 29.
cxb5 cxb5 30. Qb1 d5 31. Qxb5 f4 32. Qc5 e4 33. Bxe4 dxe4 34. Nxe4 Rxd1 35. Rxd1
fxg3 36. hxg3 Qf3 37. Ng5 Qxd1+ 38. Kh2 hxg3+ 39. Kxg3 Qg1+ 0-1

[Event "World Rapid Women 2025"]
[Site "Doha QAT"]
[Date "2025.12.26"]
[Round "4.63"]
[White "Zherebtsova, Alexandra"]
[Black "Khalil, Manar"]
[Result "1-0"]
[WhiteTitle "FM"]
[BlackTitle "WFM"]
[WhiteElo "2307"]
[BlackElo "1925"]
[WhiteFideId "24129518"]
[BlackFideId "7604661"]
[EventDate "2025.12.26"]

1. d4 d5 2. Bf4 Nf6 3. e3 e6 4. Nf3 c5 5. Nbd2 Nc6 6. c3 Be7 7. h3 a6 8. Bd3 c4
9. Bc2 b5 10. e4 Bb7 11. e5 Nd7 12. h4 Qc7 13. Ng5 Nf8 14. h5 h6 15. Nh3 O-O-O
16. b4 Qd7 17. a4 g5 18. axb5 axb5 19. Bg3 f5 20. exf6 Bd6 21. O-O Bxg3 22. fxg3
Qd6 23. Qf3 Nd7 24. Nf2 e5 25. dxe5 Ncxe5 26. Qf5 Rhf8 27. Ng4 Nxg4 28. Qxg4
Rxf6 29. Nf3 Rdf8 30. Nd4 Rxf1+ 31. Rxf1 Rxf1+ 32. Kxf1 Qa6 33. Bf5 Qa1+ 34. Kf2
Qb2+ 35. Kg1 Qxc3 36. Bxd7+ Kb8 37. Bxb5 Qxb4 38. Kh2 Qd6 39. Qe2 Bc8 40. Bc6
Qb4 41. Bxd5 1-0

[Event "World Rapid Women 2025"]
[Site "Doha QAT"]
[Date "2025.12.26"]
[Round "4.64"]
[White "Miranda Rodriguez, Tania"]
[Black "Machlik, Monika"]
[Result "0-1"]
[WhiteTitle "WIM"]
[WhiteElo "2051"]
[BlackElo "2084"]
[WhiteFideId "3510417"]
[BlackFideId "1513621"]
[EventDate "2025.12.26"]

1. e4 c6 2. d4 d5 3. e5 Bf5 4. Nf3 e6 5. Be2 Ne7 6. c3 Nc8 7. O-O Be7 8. Be3 O-O
9. Ne1 Nd7 10. g4 Bg6 11. f4 f5 12. g5 a6 13. a4 Na7 14. a5 c5 15. b3 cxd4 16.
cxd4 Nc6 17. Nd3 Nxa5 18. Nc5 Nxc5 19. dxc5 Nc6 20. Qd2 d4 21. Bf2 Bxc5 22. Rc1
Bb6 23. Na3 Ba5 24. Qd1 Bc3 25. Rab1 Nb4 26. Bf3 Rb8 27. Qe2 Be8 28. Rd1 Bc6 29.
Bxc6 Nxc6 30. Qc4 Qe7 31. Nc2 Rfd8 32. Bxd4 Bxd4+ 33. Nxd4 Nxd4 34. Rxd4 Rxd4
35. Qxd4 Rd8 36. Qb6 Qd7 37. Rc1 Qd5 38. Kf2 Qd2+ 0-1

[Event "World Rapid Women 2025"]
[Site "Doha QAT"]
[Date "2025.12.26"]
[Round "4.65"]
[White "Druzhinina, Olga"]
[Black "Yakubbaeva, Nilufar"]
[Result "1-0"]
[WhiteTitle "WFM"]
[BlackTitle "WGM"]
[WhiteElo "2175"]
[BlackElo "2229"]
[WhiteFideId "4141911"]
[BlackFideId "14204487"]
[EventDate "2025.12.26"]

1. e4 c5 2. Nf3 e6 3. c3 Nf6 4. e5 Nd5 5. d4 cxd4 6. cxd4 d6 7. Bc4 Nb6 8. Bd3
Nc6 9. a3 dxe5 10. dxe5 Nd7 11. Bf4 Qa5+ 12. Qd2 Qxd2+ 13. Nbxd2 b6 14. O-O Bb7
15. Rac1 Be7 16. Rfd1 O-O 17. Ne4 Rfd8 18. b4 Rac8 19. Kf1 h6 20. h4 Nf8 21. h5
Nb8 22. Rxc8 Rxc8 23. Rc1 Rd8 24. Ke2 Nc6 25. Be3 Nd7 26. Bf4 Bf8 27. b5 Na5 28.
Rc7 Bxe4 29. Bxe4 Bxa3 30. Rxa7 Nc5 31. Bc6 Bb4 32. Be3 Nc4 33. Nd4 Nxe5 34. Nc2
Bc3 35. Bxc5 Rd2+ 36. Kf1 bxc5 37. b6 Nxc6 38. Ra8+ Kh7 39. Na3 Bd4 40. Nc4
Rxf2+ 41. Ke1 Rc2 42. Nd6 Ne5 43. b7 Bc3+ 44. Kf1 Nc6 45. Rc8 Be5 46. Nxf7 Bg3
47. Rh8# 1-0

[Event "World Rapid Women 2025"]
[Site "Doha QAT"]
[Date "2025.12.26"]
[Round "4.66"]
[White "Liu, Shilan"]
[Black "Dwilewicz, Katarzyna"]
[Result "0-1"]
[WhiteTitle "WGM"]
[BlackTitle "WFM"]
[WhiteElo "2109"]
[BlackElo "2185"]
[WhiteFideId "8600279"]
[BlackFideId "1148486"]
[EventDate "2025.12.26"]

1. e4 e5 2. Nf3 Nc6 3. Bb5 a6 4. Ba4 Nge7 5. O-O Ng6 6. c3 d5 7. d3 Be7 8. Nbd2
O-O 9. Bb3 Be6 10. exd5 Bxd5 11. Re1 Qd7 12. Nf1 Rad8 13. Bc2 Bc5 14. Be3 Bxe3
15. fxe3 f5 16. e4 Be6 17. Ng5 Nf4 18. Nxe6 Nxe6 19. exf5 Nf4 20. Ne3 Qe7 21.
Qg4 Qc5 22. Rad1 Ne7 23. Kh1 Rf6 24. Qf3 Qb5 25. Bb3+ Kh8 26. d4 Nxf5 27. Nxf5
Rxf5 28. dxe5 Re8 29. e6 Ng6 30. Qg3 Qc5 31. Rd7 Ref8 32. Rdd1 Qb5 33. h3 Qc5
34. Kh2 Rf2 35. e7 Nxe7 36. Rd7 Nf5 37. Qxc7 Rxg2+ 38. Kxg2 Nh4+ 39. Kh1 Qf2 40.
Rg1 Qf3+ 41. Kh2 Qe2+ 42. Kh1 Qe4+ 43. Kh2 Rf2+ 44. Kg3 Rf3+ 45. Kh2 Qe2+ 0-1

[Event "World Rapid Women 2025"]
[Site "Doha QAT"]
[Date "2025.12.26"]
[Round "4.67"]
[White "Skaslien, Ingrid"]
[Black "Jimenez Fernandez, Rebeca"]
[Result "0-1"]
[BlackTitle "WFM"]
[WhiteElo "2029"]
[BlackElo "2137"]
[WhiteFideId "1520660"]
[BlackFideId "32070934"]
[EventDate "2025.12.26"]

1. c4 c5 2. Nf3 Nc6 3. e3 Nf6 4. Nc3 a6 5. b3 g6 6. Bb2 Bg7 7. Be2 O-O 8. O-O d5
9. d4 cxd4 10. exd4 Bf5 11. Re1 Rc8 12. Rc1 dxc4 13. bxc4 Na5 14. Na4 Nxc4 15.
Rxc4 Rxc4 16. Bxc4 b5 17. Bf1 bxa4 18. Qxa4 Be4 19. Nd2 Bb7 20. Qb4 Qa8 21. Rxe7
Bd5 22. Nb3 Rb8 23. Qa4 Bf8 24. Rc7 Bd6 25. Rc1 a5 26. Ba3 Bf4 27. Rd1 Ne4 28.
Qd7 Be6 29. Qe7 Qd5 30. Nc5 Nxc5 31. Bxc5 Qh5 32. f3 Qxh2+ 33. Kf2 Qg3+ 34. Kg1
Be3+ 35. Kh1 g5 36. Qd6 Bf4 37. Qxb8+ Bxb8 38. Kg1 Bf4 39. d5 Bd7 40. Rb1 Qh4
41. Bd3 Bg3 42. Kf1 Qh1+ 43. Ke2 Qxg2+ 44. Kd1 Qxf3+ 45. Kc2 Qxd5 46. Be3 Bf5
47. Rb3 Bxd3+ 48. Rxd3 Qxa2+ 49. Kc3 Be5+ 50. Bd4 Qa1+ 51. Kc4 Qxd4+ 0-1

[Event "World Rapid Women 2025"]
[Site "Doha QAT"]
[Date "2025.12.26"]
[Round "4.68"]
[White "Zvereva, Marija"]
[Black "Sawan, Eman"]
[Result "1-0"]
[WhiteTitle "WIM"]
[BlackTitle "WFM"]
[WhiteElo "2007"]
[BlackElo "1960"]
[WhiteFideId "4121082"]
[BlackFideId "11511729"]
[EventDate "2025.12.26"]

1. f4 Nf6 2. Nf3 b6 3. g3 Bb7 4. Bg2 g6 5. d3 Bg7 6. e4 d6 7. Nc3 O-O 8. O-O c5
9. h3 Nc6 10. g4 Nd7 11. f5 Nd4 12. Be3 Nxf3+ 13. Qxf3 e6 14. Qf2 Kh8 15. Rab1
a6 16. Qd2 b5 17. Bg5 Bd4+ 18. Kh1 Qb6 19. fxe6 fxe6 20. Be7 Rfe8 21. Rf7 Bg7
22. Qg5 b4 23. Ne2 d5 24. Nf4 e5 25. Nxd5 Bxd5 26. exd5 h6 27. Qh4 Kg8 28. Rbf1
Nf8 29. d6 Ra7 30. Rxg7+ Kxg7 31. Qf6+ Kg8 32. Qf7+ 1-0

[Event "World Rapid Women 2025"]
[Site "Doha QAT"]
[Date "2025.12.26"]
[Round "4.69"]
[White "Echcharbiny, Wissal"]
[Black "Fawaz, Nadia"]
[Result "0-1"]
[BlackTitle "WFM"]
[WhiteElo "1726"]
[BlackElo "1957"]
[WhiteFideId "9014853"]
[BlackFideId "5309743"]
[EventDate "2025.12.26"]

1. d4 d5 2. e3 Nf6 3. Bd3 e6 4. Nd2 c5 5. c3 Nc6 6. f4 Be7 7. Ngf3 O-O 8. O-O h6
9. Ne5 Nxe5 10. fxe5 Nd7 11. Qg4 Qe8 12. Qh5 f5 13. Qh3 a6 14. Nf3 Qg6 15. Bd2
b5 16. a3 Bb7 17. Be1 Rac8 18. Bg3 Nb6 19. Bh4 Bg5 20. Bxg5 hxg5 21. Qg3 g4 22.
Nd2 cxd4 23. exd4 Nc4 24. Nxc4 dxc4 25. Bc2 Qh6 26. Qf4 Qxf4 27. Rxf4 g5 28. Rf2
Kg7 29. Raf1 Bd5 30. Bb1 Rc7 31. Bc2 Kg6 32. Bd1 Rh8 33. g3 Rch7 34. Rd2 Rh3 35.
Bc2 R3h7 36. Bd1 Rf7 37. Rdf2 Rhf8 38. Bc2 Kg7 39. Bd1 Bb7 40. Be2 Be4 41. Re1
Rh8 42. Bxg4 fxg4 43. Rxf7+ Kxf7 44. Rxe4 Kg6 45. Rxg4 Kf5 0-1

[Event "World Rapid Women 2025"]
[Site "Doha QAT"]
[Date "2025.12.26"]
[Round "4.70"]
[White "Charvi A"]
[Black "Alsemairi, Dalia"]
[Result "1-0"]
[WhiteTitle "WFM"]
[BlackTitle "WCM"]
[WhiteElo "2270"]
[BlackElo "1802"]
[WhiteFideId "25165518"]
[BlackFideId "21511217"]
[EventDate "2025.12.26"]

1. e4 c6 2. d4 d5 3. Nc3 dxe4 4. Nxe4 Bf5 5. Ng3 Bg6 6. h4 h6 7. h5 Bh7 8. Nf3
Nd7 9. Bd3 Bxd3 10. Qxd3 Ngf6 11. Bd2 Qc7 12. O-O-O e6 13. Kb1 O-O-O 14. Ne4
Nxe4 15. Qxe4 Nf6 16. Qe2 Bd6 17. g3 Rhe8 18. Ka1 Ng4 19. Bc3 Nf6 20. Kb1 Nd5
21. Bd2 e5 22. dxe5 Bxe5 23. Nxe5 Qxe5 24. Qf3 f6 25. Rhe1 Qc7 26. c4 Rxe1 27.
Rxe1 Nb6 28. Ba5 Nxc4 29. Qg4+ Qd7 30. Qxd7+ Kxd7 31. Rd1+ Nd6 32. Bxd8 Kxd8 33.
Rxd6+ Ke7 34. Rd4 1-0

[Event "World Rapid Women 2025"]
[Site "Doha QAT"]
[Date "2025.12.27"]
[Round "5.1"]
[White "Zhu, Jiner"]
[Black "Goryachkina, Aleksandra"]
[Result "1/2-1/2"]
[WhiteTitle "GM"]
[BlackTitle "GM"]
[WhiteElo "2579"]
[BlackElo "2534"]
[WhiteFideId "8608059"]
[BlackFideId "4147103"]
[EventDate "2025.12.26"]

1. d4 Nf6 2. c4 e6 3. Nf3 d5 4. Nc3 c5 5. cxd5 cxd4 6. Qxd4 exd5 7. e4 dxe4 8.
Qxd8+ Kxd8 9. Ng5 Be6 10. Nxe6+ fxe6 11. Bg5 Nc6 12. O-O-O+ Ke8 13. Kb1 Bb4 14.
Bxf6 gxf6 15. Nxe4 Ke7 16. a3 Ba5 17. Bc4 Rhd8 18. Nc5 Rxd1+ 19. Rxd1 Rd8 20.
Rc1 Bb6 21. Nxe6 Rd2 22. Nf4 Bxf2 23. Nd5+ Kd8 24. Rc2 Rxc2 25. Kxc2 Bd4 26. Bd3
h6 27. Be4 Be5 28. h3 Nd4+ 29. Kb1 b6 30. Ne3 Ke7 31. Nf5+ Nxf5 32. Bxf5 Kd6 33.
Kc2 Bd4 34. b3 Ke5 35. Bc8 a5 36. a4 Kf4 37. Kd3 Bc5 38. Bb7 h5 1/2-1/2

[Event "World Rapid Women 2025"]
[Site "Doha QAT"]
[Date "2025.12.27"]
[Round "5.2"]
[White "Stefanova, Antoaneta"]
[Black "Dronavalli, Harika"]
[Result "1/2-1/2"]
[WhiteTitle "GM"]
[BlackTitle "GM"]
[WhiteElo "2391"]
[BlackElo "2466"]
[WhiteFideId "2902257"]
[BlackFideId "5015197"]
[EventDate "2025.12.26"]

1. d4 g6 2. e4 Bg7 3. Nc3 d6 4. Be3 a6 5. a4 Nf6 6. h3 O-O 7. Nf3 Nc6 8. Be2 e5
9. d5 Ne7 10. Qd2 Bd7 11. Bh6 c6 12. dxc6 Bxc6 13. Bxg7 Kxg7 14. Bd3 d5 15. Qe2
d4 16. Nb1 Qd6 17. O-O Nh5 18. g3 Bd7 19. Kh2 Nc6 20. Nbd2 Rae8 21. Nc4 Qc7 22.
a5 Be6 23. Nb6 Nf6 24. Ng5 Nxa5 25. Rxa5 Qxb6 26. Qd2 Bc8 27. b3 h6 28. Nf3 Qe6
29. g4 Qd6 30. Qc1 b6 31. Ra2 a5 32. Qa3 Qxa3 33. Rxa3 Nd7 34. Rb1 Nc5 35. b4
axb4 36. Rxb4 f5 37. Ra7+ Rf7 38. Rxf7+ Kxf7 39. gxf5 gxf5 40. exf5 Nxd3 41.
cxd3 Bxf5 42. Rb5 Kf6 43. Rxb6+ Re6 44. Rb3 Rc6 45. Kg2 Rd6 46. Nd2 Rc6 47. Nf3
Rd6 48. Nd2 Rc6 49. Nf3 Rd6 1/2-1/2

[Event "World Rapid Women 2025"]
[Site "Doha QAT"]
[Date "2025.12.27"]
[Round "5.3"]
[White "Muzychuk, Mariya"]
[Black "Khademalsharieh, Sarasadat"]
[Result "1/2-1/2"]
[WhiteTitle "GM"]
[BlackTitle "IM"]
[WhiteElo "2475"]
[BlackElo "2414"]
[WhiteFideId "14114550"]
[BlackFideId "12512214"]
[EventDate "2025.12.26"]

1. e4 e5 2. Nf3 Nc6 3. Bc4 Bc5 4. O-O Nf6 5. d3 d6 6. c3 Bb6 7. a4 h6 8. Nbd2 a5
9. Bb3 O-O 10. Nc4 Ba7 11. Be3 Be6 12. Re1 Re8 13. h3 Bxe3 14. Nxe3 Qd7 15. Bxe6
Qxe6 16. Nf5 d5 17. exd5 Nxd5 18. N5d4 Nxd4 19. cxd4 Nf4 20. Nxe5 f6 21. Nf3 Qd5
22. Re3 Re6 23. Qd2 Qd7 24. Rae1 Rxe3 25. fxe3 Nd5 26. b3 Nb4 27. e4 c6 28. Qc3
Rd8 29. Qc5 Qc7 30. Qc4+ Kh7 31. e5 Nd5 32. exf6 Nxf6 33. Qe6 Rd5 34. Re5 Qb6
35. Qf5+ Kg8 36. Qc8+ Kh7 37. Re7 Qxb3 38. Qf8 Nh5 39. g4 Qd1+ 40. Kf2 Qc2+ 41.
Kg1 Qd1+ 42. Kf2 Qc2+ 43. Kg1 Qd1+ 44. Kf2 1/2-1/2

[Event "World Rapid Women 2025"]
[Site "Doha QAT"]
[Date "2025.12.27"]
[Round "5.4"]
[White "Batsiashvili, Nino"]
[Black "Song, Yuxin"]
[Result "1-0"]
[WhiteTitle "GM"]
[BlackTitle "IM"]
[WhiteElo "2462"]
[BlackElo "2454"]
[WhiteFideId "13602993"]
[BlackFideId "8614300"]
[EventDate "2025.12.26"]

1. d4 Nf6 2. c4 e6 3. Nc3 Bb4 4. e3 O-O 5. a3 Bxc3+ 6. bxc3 b6 7. Bd3 Bb7 8. f3
c5 9. e4 Ne8 10. Nh3 Nc6 11. Be3 Na5 12. Qe2 Ba6 13. O-O Rc8 14. Rac1 Qe7 15. e5
f6 16. f4 f5 17. d5 exd5 18. cxd5 Bxd3 19. Qxd3 c4 20. Qe2 d6 21. Bd4 Nc7 22.
Qf3 Nb3 23. Rcd1 Nxd4 24. cxd4 h6 25. Nf2 Qf7 26. e6 Qe8 27. Rb1 Nb5 28. a4 Nxd4
29. Qe3 Nc2 30. Qc3 Qxa4 31. Rfc1 Na3 32. Ra1 Qb5 33. Rxa3 a5 34. Rd1 Qc5 35.
Ra2 Rc7 36. h3 Ra8 37. Re2 a4 38. g4 a3 39. gxf5 a2 40. e7 Re8 41. f6 Kf7 42.
Kf1 Ra7 43. Ne4 Ra3 44. Qa1 Qb4 45. Rxa2 Rxh3 46. Rg2 g6 47. Qd4 Qa3 48. Kg1 c3
49. Qxb6 c2 50. Rxc2 Qf3 51. Nf2 Rg3+ 52. Kf1 Rg2 53. Qd4 Rh2 54. Ke1 Rh4 55.
Re2 Rxf4 56. Ne4 Kg8 57. Qe3 Qh1+ 58. Kd2 Qh4 59. f7+ Rxf7 60. Rg1 Qh5 61. Qd4
Ra8 62. Nf6+ Rxf6 63. e8=Q+ Rxe8 64. Rxe8+ Kf7 65. Re2 g5 66. Rf2 Rf3 67. Rxf3+
Qxf3 68. Re1 g4 69. Re4 Qg2+ 70. Re2 1-0

[Event "World Rapid Women 2025"]
[Site "Doha QAT"]
[Date "2025.12.27"]
[Round "5.5"]
[White "Arabidze, Meri"]
[Black "Ju, Wenjun"]
[Result "1-0"]
[WhiteTitle "IM"]
[BlackTitle "GM"]
[WhiteElo "2413"]
[BlackElo "2565"]
[WhiteFideId "13604040"]
[BlackFideId "8603006"]
[EventDate "2025.12.26"]

1. Nf3 Nf6 2. c4 e6 3. g3 b6 4. Bg2 Bb7 5. O-O Be7 6. Nc3 O-O 7. Re1 d5 8. cxd5
Nxd5 9. e4 Nxc3 10. bxc3 c5 11. d4 Nd7 12. a4 Nf6 13. Qd3 h6 14. Bd2 cxd4 15.
cxd4 Rc8 16. a5 Nd7 17. Qb1 Ba8 18. axb6 axb6 19. h3 Qc7 20. Bf4 Qb7 21. Ra2 b5
22. d5 exd5 23. exd5 Bc5 24. d6 Qb6 25. Qf5 Nf6 26. Bxh6 gxh6 27. Qxf6 Qxd6 28.
Qxd6 Bxd6 29. Nd4 Bxg2 30. Kxg2 b4 31. Nf5 Bc5 32. Nxh6+ Kh7 33. Ng4 Bd4 34. Rb1
Bc3 35. Ne3 Rfd8 36. Ra7 Kg6 37. Rb7 Rb8 38. Rxb8 Rxb8 39. Nd5 Rd8 40. Nxc3 bxc3
41. Rb6+ Kf5 42. Rc6 Rd3 43. h4 f6 44. Rc5+ Ke6 45. Kf1 Rd1+ 46. Ke2 Rc1 47. h5
Kf7 48. Rc7+ Kg8 49. Kf3 Rc2 50. g4 Rc1 51. Kf4 c2 52. f3 Kf8 53. Rc8+ Kf7 54.
Rc6 Kg7 55. Rc8 Kf7 56. Rc7+ Kf8 57. Kf5 Rf1 58. Rxc2 Rxf3+ 59. Kg6 Rf4 60. g5
fxg5 61. Rc8+ Ke7 62. h6 Rf6+ 63. Kxg5 Rf8 64. Rc7+ Ke6 65. h7 Kd6 66. Ra7 Ke6
67. Kg6 1-0

[Event "World Rapid Women 2025"]
[Site "Doha QAT"]
[Date "2025.12.27"]
[Round "5.6"]
[White "Tan, Zhongyi"]
[Black "Mammadzada, Gunay"]
[Result "1/2-1/2"]
[WhiteTitle "GM"]
[BlackTitle "IM"]
[WhiteElo "2524"]
[BlackElo "2390"]
[WhiteFideId "8603642"]
[BlackFideId "13403729"]
[EventDate "2025.12.26"]

1. d4 Nf6 2. c4 e6 3. Nc3 Bb4 4. f3 c5 5. d5 d6 6. e4 e5 7. Bd3 O-O 8. Bg5 h6 9.
Bh4 b5 10. cxb5 a6 11. Ne2 axb5 12. Bxb5 Ba6 13. O-O Bxc3 14. Nxc3 Nbd7 15. a4
Qa5 16. Qc2 Rfb8 17. b3 Ra7 18. Rac1 Ne8 19. Be1 Qb6 20. Bf2 Qa5 21. b4 Qxb4 22.
Bxd7 Bxf1 23. Rxf1 Rxd7 24. Rb1 Rc8 25. Rxb4 cxb4 26. a5 Rxc3 27. Qb2 Rdc7 28.
Qxb4 Rc1+ 29. Be1 R7c4 30. Qb5 Nc7 31. Qb8+ Kh7 32. Kf1 Ra1 33. Ke2 f5 34. Qb3
Raa4 35. exf5 Nxd5 36. Bd2 e4 37. Qb5 e3 38. Qxd5 Rd4 39. Qxd4 Rxd4 40. Kxe3 Ra4
41. g4 d5 42. h4 Kg8 43. h5 Kf7 44. Kd3 Rc4 45. Be3 Ra4 46. Bb6 Kf6 47. Ke3 Ke5
48. f4+ Kf6 49. Bd8+ Kf7 50. g5 Re4+ 51. Kf3 Ra4 52. g6+ Ke8 53. Bc7 Ra3+ 54.
Ke2 Ra4 55. Kd3 Ke7 56. Be5 Kf8 57. Bd6+ Ke8 58. Be5 Kf8 59. Ke3 Rxa5 60. Kd4
Ra1 61. Kxd5 Rh1 62. Ke6 Rxh5 63. f6 gxf6 64. Kxf6 Rh2 65. f5 Ra2 66. Bd6+ Kg8
67. Ke6 Rg2 68. Ke7 Re2+ 69. Kf6 h5 70. Kg5 Rf2 71. f6 h4 72. Bf4 h3 73. f7+ Kg7
74. Be5+ Kf8 75. Bd6+ Kg7 76. Be5+ Kf8 77. Kh6 Rxf7 78. gxf7 Kxf7 1/2-1/2

[Event "World Rapid Women 2025"]
[Site "Doha QAT"]
[Date "2025.12.27"]
[Round "5.7"]
[White "Lei, Tingjie"]
[Black "Mammadova, Gulnar"]
[Result "1-0"]
[WhiteTitle "GM"]
[BlackTitle "IM"]
[WhiteElo "2569"]
[BlackElo "2330"]
[WhiteFideId "8605114"]
[BlackFideId "13403508"]
[EventDate "2025.12.26"]

1. e4 d6 2. d4 g6 3. Nc3 Bg7 4. Be3 Nd7 5. Qd2 a6 6. a4 e6 7. f4 Ne7 8. Nf3 b6
9. Bd3 Bb7 10. O-O h6 11. Rae1 f5 12. d5 exd5 13. exd5 O-O 14. Bd4 Nf6 15. Bc4
Kh7 16. b4 c5 17. dxc6 Nxc6 18. Bxf6 Bxf6 19. Nd5 Bg7 20. Re3 b5 21. axb5 axb5
22. Bb3 Ra3 23. Rfe1 Qb8 24. Ng5+ Kh8 25. Ne6 Rg8 26. Nxg7 1-0

[Event "World Rapid Women 2025"]
[Site "Doha QAT"]
[Date "2025.12.27"]
[Round "5.8"]
[White "Assaubayeva, Bibisara"]
[Black "Padmini, Rout"]
[Result "1-0"]
[WhiteTitle "GM"]
[BlackTitle "IM"]
[WhiteElo "2497"]
[BlackElo "2354"]
[WhiteFideId "13708694"]
[BlackFideId "5029295"]
[EventDate "2025.12.26"]

1. Nf3 d5 2. c4 d4 3. e3 c5 4. b4 e5 5. Nxe5 cxb4 6. Bb2 dxe3 7. fxe3 Nf6 8. d4
Bd6 9. Nf3 O-O 10. c5 Bc7 11. Bc4 Ng4 12. Qd3 Bxh2 13. Nbd2 Bg3+ 14. Ke2 h6 15.
Raf1 Nc6 16. Rh3 Bc7 17. Rh5 Na5 18. Ng5 Qxg5 19. Rxg5 hxg5 20. Bd5 Nh6 21. Rh1
Bf5 22. Be4 Bxe4 23. Nxe4 f6 24. Nxg5 1-0

[Event "World Rapid Women 2025"]
[Site "Doha QAT"]
[Date "2025.12.27"]
[Round "5.9"]
[White "Salimova, Nurgyul"]
[Black "Kosteniuk, Alexandra"]
[Result "1/2-1/2"]
[WhiteTitle "IM"]
[BlackTitle "GM"]
[WhiteElo "2396"]
[BlackElo "2483"]
[WhiteFideId "2915138"]
[BlackFideId "4128125"]
[EventDate "2025.12.26"]

1. d4 Nf6 2. Nf3 e6 3. c4 Bb4+ 4. Nbd2 O-O 5. a3 Bxd2+ 6. Bxd2 d6 7. g3 Qe7 8.
Bg2 e5 9. O-O c5 10. dxe5 dxe5 11. Bg5 Nbd7 12. h3 h6 13. Be3 Nb8 14. b4 Nbd7
15. Nh4 cxb4 16. axb4 Qxb4 17. c5 Nb8 18. Rb1 Qc4 19. Bxb7 Bxb7 20. Rxb7 Qe6 21.
g4 Nc6 22. Qd6 Rfd8 23. Qxe6 fxe6 24. Ng6 Nd5 25. h4 Rdb8 26. Rd7 Rd8 27. Rd6
Rxd6 28. cxd6 Rd8 29. Bc5 Kf7 30. h5 Nc3 31. Ra1 a5 32. Kf1 Ne4 33. Bb6 Rxd6 34.
Bxa5 Nf6 35. f3 1/2-1/2

[Event "World Rapid Women 2025"]
[Site "Doha QAT"]
[Date "2025.12.27"]
[Round "5.10"]
[White "Koneru, Humpy"]
[Black "Mungunzul, Bat-Erdene"]
[Result "1-0"]
[WhiteTitle "GM"]
[BlackTitle "WIM"]
[WhiteElo "2535"]
[BlackElo "2350"]
[WhiteFideId "5008123"]
[BlackFideId "4902831"]
[EventDate "2025.12.26"]

1. Nf3 d6 2. d4 g6 3. b3 Bg7 4. Bb2 f5 5. g3 Nf6 6. Bg2 O-O 7. O-O c6 8. Nbd2
Qc7 9. Re1 Ne4 10. c4 Na6 11. Qc2 Nb4 12. Qb1 Nxd2 13. Nxd2 e5 14. a3 Na6 15.
dxe5 dxe5 16. b4 Be6 17. Qc2 e4 18. Bxg7 Qxg7 19. Rad1 Rad8 20. Nb3 Qf7 21. Rxd8
Rxd8 22. Rc1 b6 23. e3 c5 24. bxc5 bxc5 25. Bf1 Qc7 26. Qc3 Kf7 27. Rb1 Rb8 28.
h4 h5 29. Kg2 Bd7 30. Be2 Be6 31. Rd1 Rd8 32. Rb1 Rb8 33. Bd1 Rb6 34. Bc2 Rb8
35. Rd1 Rd8 36. Rb1 Rb8 37. Nd2 Rxb1 38. Nxb1 Qd8 39. Nd2 Nb8 40. Ba4 Bd7 41.
Bxd7 Nxd7 42. Nb3 Qb6 43. Nc1 Qd6 44. Ne2 Qd3 45. Qb2 Qxc4 46. Nf4 Qa6 47. Qh8
Nf8 48. Qe5 Qc6 49. Nd5 Qd7 50. Qf6+ Ke8 51. Nf4 c4 52. Nxg6 Nxg6 53. Qxg6+ Kd8
54. Qg8+ Ke7 55. Qxc4 Kf6 56. Qa6+ Kg7 57. a4 Qc7 58. a5 Qc5 59. Qb7+ Kh6 60. a6
Qb6 61. Qe7 Kg6 62. Qd7 1-0

[Event "World Rapid Women 2025"]
[Site "Doha QAT"]
[Date "2025.12.27"]
[Round "5.11"]
[White "Nurman, Alua"]
[Black "Dzagnidze, Nana"]
[Result "1/2-1/2"]
[WhiteTitle "WGM"]
[BlackTitle "GM"]
[WhiteElo "2367"]
[BlackElo "2469"]
[WhiteFideId "13729390"]
[BlackFideId "13601903"]
[EventDate "2025.12.26"]

1. e4 c5 2. Nf3 a6 3. c4 Nc6 4. d4 cxd4 5. Nxd4 e5 6. Nf5 d5 7. cxd5 Bxf5 8.
exf5 Nd4 9. Nc3 Nf6 10. Bg5 Be7 11. Bxf6 Bxf6 12. Bd3 O-O 13. O-O Rc8 14. Be4
Qb6 15. Rb1 Rfd8 16. Qd3 h6 17. g3 Be7 18. Kg2 Nb5 19. Nxb5 axb5 20. Rbc1 Kf8
21. h4 Bd6 22. Rc2 Qd4 23. Qxd4 exd4 24. Rfc1 Rxc2 25. Rxc2 Ke7 26. Bd3 b4 27.
Rc4 Ra8 28. Bb1 d3 29. Bxd3 Rxa2 30. Rc2 Be5 31. b3 Ra3 32. Bc4 Kd6 33. Kf3 b5
34. Bxb5 Rxb3+ 35. Ke4 Bc3 36. Bc4 Rb1 37. Ba2 Re1+ 38. Kd3 Rd1+ 39. Ke2 Ra1 40.
Kd3 Rd1+ 41. Ke2 Re1+ 42. Kd3 Re5 43. g4 h5 44. f3 Re1 45. gxh5 Rd1+ 46. Kc4
Rd4+ 47. Kb5 Rxh4 48. Bb3 Rxh5 49. Ra2 Rh6 50. Ra7 Rf6 51. Bc2 Ke5 52. Kc4 g6
53. fxg6 fxg6 54. Re7+ Kd6 55. Re6+ Rxe6 56. dxe6 g5 57. Bf5 Ke7 58. Kb3 Kd6 1/2-1/2

[Event "World Rapid Women 2025"]
[Site "Doha QAT"]
[Date "2025.12.27"]
[Round "5.12"]
[White "Savitha, Shri B"]
[Black "Divya, Deshmukh"]
[Result "0-1"]
[WhiteTitle "IM"]
[BlackTitle "GM"]
[WhiteElo "2334"]
[BlackElo "2497"]
[WhiteFideId "35061887"]
[BlackFideId "35006916"]
[EventDate "2025.12.26"]

1. e4 e5 2. Nf3 d6 3. Bc4 Be7 4. Nc3 Nf6 5. h3 O-O 6. O-O c5 7. d3 Nc6 8. a4 Be6
9. Bg5 Ne8 10. Bxe7 Nxe7 11. Ne2 Nc7 12. Ng3 Ng6 13. Nh5 Kh8 14. c3 d5 15. exd5
Bxd5 16. Ng3 f5 17. Re1 Bxc4 18. dxc4 e4 19. Nh2 Qf6 20. Qd7 Rf7 21. Qd1 Ne5 22.
Qb3 Ne6 23. Rad1 Nf4 24. Re3 Qg6 25. Qc2 Nxc4 26. Ree1 h5 27. h4 Ne5 28. b4 Ned3
29. Re3 Nxg2 30. Kxg2 f4 31. Rexd3 exd3 32. Rxd3 Qc6+ 33. Kg1 fxg3 34. fxg3 cxb4
35. Qd1 0-1